000 00679nam a2200277Ia 4500
005 20260324133017.0
008 008 260324s9999 xx 000 0 eng d
020 _a9781315039411
037 _aEBOOK
040 _aCRL
040 _beng
040 _cCRL
041 _2eng
041 _aeng
084 _qCRL
100 _aKeith Jeffery; Katsumi Ishizuka
_91191461
245 0 _aIreland and International Peacekeeping Operations 1960-2000
260 _bTaylor and Francis
260 _c2004
365 _a
365 _b255
856 _uhttp://www.taylorfrancis.com/books/9781315039411
942 _cEBOOK
999 _c1790099
_d1790099